Provincias de Nueva España en 1794 en un Mapa - Estadísticas

Estadísticas generales
  • Esta prueba ha sido intentada 1.435 veces
  • La puntuación promedio es 11 de 37
Respuestas en el mapa
Las respuestas están codificadas por una escala verde-roja en el mapa de la prueba según el % correcto abajo.
 
Estadísticas de respuestas
Respuesta % Correcto
Florida
87%
México
70%
Nicaragua
66%
Costa Rica
65%
Guatemala
64%
Baja California
57%
Puerto Rico
56%
Nuevo México
52%
Luisiana
50%
Guadalajara
37%
San Salvador
34%
Alta California
33%
Veracruz
32%
Guam
31%
Mérida de Yucatán
30%
Nuevo León
30%
Oaxaca
28%
Puebla
28%
Marianas
22%
Palaos
20%
Zacatecas
19%
Guanajuato
18%
Luzón
18%
San Luis Potosí
18%
Valladolid
16%
Carolinas
13%
Mindanao
13%
Nueva Navarra
12%
Nueva Vizcaya
12%
Nueva Extremadura
11%
Occidente
11%
Oriente
11%
Nuevo Santander
9%
Comayagua
8%
Nuevas Filipinas
8%
Cibao
7%
Ozama
7%
No se encontraron pruebas coincidentes
Distribución de puntuación
Porcentaje de gente con cada puntuación
Porcentaje por número respondido
Historial de tus puntuaciones
No has intentado esta prueba.